[Event "Oberliga Ost-B 1213"]
[Site "Germany"]
[Date "2012.12.09"]
[Round "4.5"]
[White "Klingelhoefer, Stefan"]
[Black "Mucha, Annegret"]
[Result "1-0"]
[WhiteElo "2242"]
[BlackElo "2023"]
[PlyCount "119"]
[EventDate "2012.09.30"]
[EventType "team-tourn"]
[EventRounds "11"]
[EventCountry "GER"]
[SourceTitle "EXT 2014"]
[Source "ChessBase"]
[SourceDate "2013.11.20"]
[SourceVersion "1"]
[SourceVersionDate "2013.11.20"]
[SourceQuality "1"]
[WhiteTeam "Giessen"]
[BlackTeam "Jena Jenapharm"]
[WhiteTeamCountry "GER"]
[BlackTeamCountry "GER"]

1. d4 Nf6 2. Nf3 b6 3. Bg5 Bb7 4. Bxf6 exf6 5. g3 d5 6. Bg2 Bd6 7. c4 dxc4 8. Qa4+ Qd7 9. Qxc4 Nc6 10. Nc3 0-0 11. 0-0 a6 12. Rfd1 Rfd8 13. Rac1 Qe8 14. a3 Na5 15. Qa2 b5 16. Nd2 Bxg2 17. Kxg2 Nb7 18. Qd5 Rab8 19. Qf3 c5 20. Nde4 cxd4 21. Rxd4 Be5 22. Rxd8 Nxd8 23. Nc5 a5 24. Nd3 Ne6 25. Nxe5 fxe5 26. Qd5 Nf8 27. Ne4 Qe6 28. Rc5 Qxd5 29. Rxd5 f6 30. Nd6 Ne6 31. Rxb5 Rxb5 32. Nxb5 Kf8 33. Kf3 f5 34. Ke3 Ke7 35. f4 Kf6 36. Nd6 exf4+ 37. gxf4 g5 38. fxg5+ Kxg5 39. Nc4 f4+ 40. Ke4 Nc5+ 41. Kd4 Nb3+ 42. Kc3 Nc1 43. Kd2 Nb3+ 44. Kc2 Nd4+ 45. Kd3 Nb3 46. Ne5 Kf5 47. Nf3 Nc1+ 48. Kd2 Nb3+ 49. Kc3 Nc1 50. Kd2 Nb3+ 51. Ke1 h6 52. Nd2 Nc5 53. b4 axb4 54. axb4 Nb7 55. Kf2 Nd6 56. Kf3 Nb5 57. Nb3 h5 58. Nc5 Nd4+ 59. Kf2 Ke5 60. Nd3+ 1-0